Tableau Périodique des Éléments - 50 Numéros Atomiques - Statistiques

Statistiques générales
  • Ce quiz a été pris 391 fois
  • Le résultat moyen est 29 sur 50
Statistiques - réponses
Élément Numéro atomique % Correct
Hydrogène 1
87%
Azote 7
87%
Néon 10
85%
Oxygène 8
83%
Cuivre 29
82%
Bore 5
81%
Silicium 14
79%
Argon 18
79%
Hélium 2
79%
Lithium 3
79%
Phosphore 15
78%
Manganèse 25
78%
Fer 26
78%
Oganesson 118
76%
Magnésium 12
76%
Aluminium 13
75%
Fluor 9
75%
Potassium 19
74%
Arsenic 33
74%
Cobalt 27
73%
Xénon 54
73%
Carbone 6
73%
Prométhium 61
73%
Uranium 92
73%
Krypton 36
72%
Étain 50
72%
Calcium 20
71%
Vanadium 23
71%
Soufre 16
70%
Chrome 24
70%
Bérylium 4
70%
Zinc 30
69%
Sélénium 34
69%
Antimoine 51
68%
Plomb 82
68%
Tennesse 117
67%
Or 79
67%
Scandium 21
66%
Chlore 17
65%
Argent 47
65%
Platine 78
65%
Fermium 100
64%
Titane 22
64%
Brome 35
64%
Yttrium 39
63%
Niobium 41
63%
Cadmium 48
63%
Iode 53
63%
Césium 55
63%
Einsteinium 99
63%
Moscovium 115
62%
Rubidium 37
62%
Néodyme 60
62%
Neptunium 93
62%
Mercure 80
61%
Polonium 84
61%
Germanium 32
60%
Sodium 11
59%
Gallium 31
59%
Molybdène 42
59%
Nickel 28
58%
Tellure 52
58%
Gadolinium 64
58%
Astate 85
58%
Rutherfordium 104
57%
Palladium 46
57%
Meitnérium 109
56%
Technétium 43
56%
Plutonium 94
56%
Zirconium 40
55%
Baryum 56
55%
Terbium 65
55%
Hafnium 72
55%
Osmium 76
55%
Francium 87
55%
Thorium 90
55%
Rhodium 45
54%
Lawrencium 103
53%
Samarium 62
53%
Tantale 73
53%
Californium 98
53%
Seaborgium 106
52%
Strontium 38
52%
Cérium 58
52%
Ytterbium 70
52%
Radium 88
52%
Lutécium 71
51%
Protactinium 91
51%
Bohrium 107
50%
Thulium 69
50%
Tungstène 74
50%
Bismuth 83
50%
Americium 95
50%
Curium 96
50%
Darmstadtium 110
49%
Copernicium 112
49%
Radon 86
49%
Nobelium 102
48%
Holmium 67
48%
Mendelevium 101
45%
Indium 49
45%
Rhénium 75
45%
Livermorium 116
44%
Ruthénium 44
44%
Lanthane 57
44%
Iridium 77
44%
Roentgenium 111
43%
Flérovium 114
43%
Praséodyme 59
43%
Thallium 81
43%
Europium 63
42%
Actinium 89
42%
Berkelium 97
42%
Dubnium 105
41%
Nihonium 113
41%
Dysprosium 66
40%
Hassium 108
39%
Erbium 68
38%
Aucun quiz correspondant
Distribution des résultats
% des personnes avec chaque résultat
Percentile par nombre de réponses
Votre historique - résultats
Vous n’avez pas pris ce quiz